Štatistika národností a Rómovia

Reakcia na článok P. Podoláka v tomto čísle Geografického časopisu. Údaje zo sčítania ľudu majú nezastupiteľné miesto najmä pre výpočet štruktúry obyvateľstva a ďalších demografických charakteristík. Spôsoby sčítania národností, problematická štatistika národností, štruktúra obyvateľstva, populačný...

ver descrição completa

Na minha lista:
Detalhes bibliográficos
Autor principal: Finková, Zuzana
Formato: Capítulo de Livro
Idioma:eslovaco
Assuntos:
Tags: Adicionar Tag
Sem tags, seja o primeiro a adicionar uma tag!

MARC

LEADER 00000naa a2200000 4500
001 r040468
005 20230929084201.7
041 0 |a slo 
044 |a SK 
245 1 0 |a Štatistika národností a Rómovia  |c Zuzana Finková 
520 |a Reakcia na článok P. Podoláka v tomto čísle Geografického časopisu. Údaje zo sčítania ľudu majú nezastupiteľné miesto najmä pre výpočet štruktúry obyvateľstva a ďalších demografických charakteristík. Spôsoby sčítania národností, problematická štatistika národností, štruktúra obyvateľstva, populačný vývoj a rozmiestnenie rómskeho obyvateľstva na Slovensku. 
610 2 0 |a národnosti 
610 2 0 |a menšiny národnostné 
610 2 0 |a Rómovia 
610 2 0 |a sčítanie ľudu 
610 2 0 |a štatistika demografická 
610 2 0 |a vývoj populačný 
610 2 0 |a Slovensko 
100 1 |a Finková, Zuzana